1370 1903 1309 1871 1951 1601 1504 1185 1332 1437 1783 1735 1671 1064 1473 1790 1199 1261 1519 1192 1527 1268 1236 1948 1369 1870 1198 1193 1805 1856 1557 1121 1337 1263 1513 1326 1249 1071 1048 1053 1403 1568 1528 1471 1018 1611 1973 1331 1114 1167 1050 1668 1088 1785 1759 1554 1762 1763 1884 1622 1562 1477 1966 1845 1402 1708 1506 1752 1115 1731 1375 1035 1406 1425 1033 1191 1280 1129 1476 1325 1987 1330 1408 1085 1619 1398 1100 1130 1233 1796 1603 1862 1656 1129 1966 1010 1487 1444 1423 BCNSPRNW ULIB Ver.6.0+V

เปลี่ยนเป็นภาษาไทย

Change to English
 แสดงรายละเอียดบรรณานุกรม
  กลับหน้าหลัก

Brief Record : Get Marc (ISO 2709) : E-mail record : QR code < ปิดหน้าต่าง
LEADER : 00000nam 2200000uu 4500
001    13399120137
003     ULIB
008    120905s2548||||th 000 0 tha d
020    ^a9744655445
020    ^a9789744655448
060 04 ^aWA292^bอ829ก 2548
100 0  ^aอุ่นใจ เครือสถิตย์
245 10 ^aการยกการเคลื่อนย้ายผู้บาดเจ็บและเจ็บป่วยฉุกเฉิน /^cอุ่นใจเครือสถิตย์
250    ^aพิมพ์ครั้งที่ 1
260    ^aขอนแก่น :^bภาควิชาเวชกิจฉุกเฉินวิทยาลัยการสาธารณสุขสิรินธร,^c2548
300    ^a75 หน้า :^bภาพประกอบ ;^c21 ซม.
650  7 ^aการเคลื่อนย้ายผู้ป่วยและบาดเจ็บ
650  7 ^aภาวะฉุกเฉิน
650  7 ^aปฐมพยาบาล
710 2  ^aวิทยาลัยการสาธารณสุขสิรินธร. ^bภาควิชาเวชกิจฉุกเฉิน
945    ^p110^l0^i19477
995    ^aวิภา
999 ^a ใช้งานได้ทุกระบบ
รายการนี้ยังไม่มีแท็ก
คุณยังไม่ได้ล็อกอิน คุณสามารถมีกิจกรรมร่วมกับเว็บไซต์ได้ แต่ต้องล็อกอินก่อน ::
  ล็อกอิน

รายการสื่อสารสนเทศ

ลำดับที่ ประเภท เลขเรียก/บาร์โค้ด สถานที่ สถานะ
- ไม่พบข้อมูล -

รายการใกล้เคียง
    ผู้แต่ง [อุ่นใจ เครือสถิตย์]

    หัวเรื่อง [การเคลื่อนย้ายผู้ป่วยและบาดเจ็บ]
    หัวเรื่อง [ภาวะฉุกเฉิน]
    หัวเรื่อง [ปฐมพยาบาล]

BibComment


ยังไม่เคยถูกคอมเมนท์

คอมเมนท์ทรัพยากรรายการนี้
  คอมเมนท์: การยกการเคลื่อนย..


 Copyright 2026. Bcnsprnw @Library